000 00797nam a2200253 4500
003 OSt
005 20240607025846.0
006 a
008 240607b |||||||| |||| 00| 0 eng d
020 _a97897137042007
040 _aDWCL-Main lib.
_cOC
082 _2revised edition
_aFil. 005.13 V834 2012
110 _aJemma Development Group
245 _aVisual guide : Visual Basic 2010 and Access 2010 /
250 _arevised edition
260 _aS.l. :
_bJemma Development Group,
_cc2012.
300 _ax,
_b286 p. : ill. ;
_c25 cm.
504 _aIncludes bibliographical references.
650 _a1. Computer programming.
650 _a2. Database management.
650 _a 3. Visual basic.
710 _aJemma Development Group
942 _2ddc
_n0
_cBK - FIL
_erevised edition
_kFil.
999 _c342
_d342